Word Ladder: Mixed-Up Missing Words Quiz Stats

Quiz Updated Mar 21, 2015

Challenge
Share
Tweet
Embed
Score 0/12 Timer 04:00
0 Plays Today
Mixed Up Missing Word Missing Word % Correct
RTNHO ____POLE
95.7%
LCKAB ____HOLE
93.3%
A SCTHTI NI ____TIME
92.1%
EMNLO-____ ODSALIME
91.1%
IHGH ____TIDE
91%
CTTIKE OT ____RIDE
89.9%
____ TONES RCYAEMRECOLD
86%
BILMUALCI ____CORD
85.3%
THAW REDSAM YAM ___COME
82.2%
PRAGNPILG ____HOLD
82%
____, OTOGLOME
76.7%
____ MUUCLIRCUR CORE
75.8%

Today's Daily Dose

Missing Word
Law Misconceptions

Word Ladder
Easy Math

On This Day
January 20th

You're not logged in!

Compare scores with friends on all Sporcle quizzes.
Sign Up with Email
OR
Log In

You Might Also Like...

Show Comments

Extras

Top Quizzes Today


Score Distribution

Your Account Isn't Verified!

In order to create a playlist on Sporcle, you need to verify the email address you used during registration. Go to your Sporcle Settings to finish the process.